Every Parks and Recreation Funko Pop - Statistics

General Stats
  • This quiz has been taken 34 times
  • The average score is 9 of 10
Answer Stats
Number Answer % Correct
498 Leslie Knope
100%
499 Ron Swanson
100%
652 Ron Swanson in Komono
100%
501 Andy Dwyer
90%
533 Andy Dwyer as Johnny Karate (Chase)
90%
533 Andy Dwyer w/ Mouse Rat T-Shirt
90%
503 Burt Macklin
90%
2-Pack Tom and Jean-Ralphio
87%
502 April Ludgate
83%
500 Li'l Sebastian
63%
No matching quizzes found
Score Distribution
Percent of People with Each Score
Percentile by Number Answered
Your Score History
You have not taken this quiz